| 000 | 00527nam a2200145Ia 4500 | ||
|---|---|---|---|
| 001 | 15091 | ||
| 003 | GE_BSU | ||
| 008 | 181216s||||||||xx |||||||||||||| ||und|| | ||
| 040 | _cGE_BSU | ||
| 100 | _aВаховский,Е.Б. Рывкин,А.А. | ||
| 245 | _aЗадачи по элементарной математике повышенной трудности | ||
| 245 | _cРед.А.Я.Цлаф | ||
| 653 | _aЗадачи по элементарной математике повышенной трудности | ||
| 942 | _cBK | ||
| 999 |
_c48209 _d48209 |
||